Statistiques concernant Films avec Jean Dujardin par image

Cliquez ici pour prendre le quiz!

Statistiques générales

  • Ce quiz a été pris 385 fois
  • Le résultat moyen est 8 sur 16

Statistiques - réponses

Réponse% Correct
Brice de Nice
100%
OSS 117 : Le Caire, nid d'espions
96%
The Artist
82%
Lucky Luke
77%
Le Loup de Wall Street
63%
J'accuse
57%
Les Petits Mouchoirs
53%
Novembre
49%
Un homme à la hauteur
39%
Présidents
35%
99 Francs
33%
La French
28%
Les Infidèles
26%
Monuments Men
22%
Le Bruit des glaçons
13%
Bienvenue chez les Rozes
7%

Distribution des résultats

Percentile par nombre de réponses

% des personnes avec chaque résultat

Votre développement - résultats

Vous n’avez pas pris ce quiz